Country Shapes Quiz #1 - Statistics

General Stats
  • This quiz has been taken 50 times
  • The average score is 13 of 15
Answer Stats
Picture Answer % Correct
Australia
98%
Canada
96%
Italy
96%
Indonesia
94%
Norway
94%
Egypt
92%
Greece
90%
Ireland
90%
Spain
90%
Russia
88%
South Africa
86%
Turkey
86%
Panama
76%
Tunisia
68%
Costa Rica
56%
No matching quizzes found
Score Distribution
Percent of People with Each Score
Percentile by Number Answered
Your Score History
You have not taken this quiz